Aasian maat - Statistics

Yleistilastot
  • Tätä visaa on pelattu 22 kertaa
  • Keskiarvotulos 11 / 12
Vastaukset kartalla
Vastauksille on annettu kartalla punavihreä väri sen mukaan, kuinka moni on saanut sen oikein.
 
Vastaustilastot
Vastaus % Oikein
Etelä-Korea
100%
Intia
100%
Japani
100%
Kiina
100%
Saudi Arabia
100%
Filippiinit
94%
Indonesia
94%
Pohjois-Korea
94%
Thaimaa
88%
Afghanistan
81%
Iran
81%
Irak
56%
Ehtoja vastaavia visoja ei löytynyt
Tulosjakauma
Jokaisen tuloksen saaneiden osuus
Persentiili vastausten määrän mukaan
Tuloshistoriasi
Et ole pelannut tätä visaa